000 00352nam a22001337a 4500
999 _c109802
_d109802
005 20181226103824.0
008 181226b ||||| |||| 00| 0 eng d
040 _cPK-LaUMT
082 _aRHC 297.86
_bABD-Z
100 _aAbdul Rehman Tahir Soorti
245 _aZarb e Kalim(ضرب کلیم)/
_cAbdul Rehman Tahir Soorti
300 _a80
942 _cBK